000 004490000a22001690004500
005 20120302065121.0
942 _cBOOK
100 _a Jadhav, Ra.Ga.
245 _a Nava Vangmayeen Pravrutti va Prameye
250 _a 1st
260 _aPune:Continental Prakashan, 1972
300 _a174p
490 _a604
040 _aMAR
365 _b6/-
650 _aSankeerna, Miscellaneous, Dalit sahitya, kavyasameeksha, keshavsut, tukaram, subhag ghat
999 _c363937
_d363934